000 00443nam a2200145Ia 4500
003 OSt
005 20260120110156.0
008 211028s2014 xx 000 0 und d
040 _cAIMIT LIBRARY
041 _aeng
100 _aMH, Darwesh; Thomas, Babu.
_g1216027
_97142
245 _aStudy on consumers attitude towards product supplied by Yenepoya food and beverages limited /
260 _aMangalore
_bBabu Thomas
_c2014
942 _2ddc
_cPRO
999 _c218712
_d218712